Optimalizácia procesu ohýbania CrNi rúrok pomocou korekcií získaných 3D meraním

Guardado en:
Detalles Bibliográficos
Autor principal: Čillík, Tomáš (Autor)
Otros Autores: Ondruška, Jozef, 1985- (Orientador)
Formato: Manuscrito Libro
Lenguaje:eslovaco
Publicado: 2015
Materias:
Acceso en línea:http://is.stuba.sk/zp/portal_zp.pl?podrobnosti=110722
Etiquetas: Agregar Etiqueta
Sin Etiquetas, Sea el primero en etiquetar este registro!

MARC

LEADER 00000ntm a22000003a 4500
001 stuzp49756
003 SK-STU
005 20160719153354.5
007 ta
008 150427s2015----xo-----f-mn---000-0-slo-d
040 |a STU  |b slo 
041 0 |a slo 
100 1 |a Čillík, Tomáš  |u 063000  |4 aut  |U MTF Materiálovotechnologická fakulta  |T MTF Ústav výrobných technológií  |X 64087  |U M3000  |Y 83  |7 64087 
242 0 1 |a Optimization of bending process of CrNi tubes by corrections obtained from 3D measurement  |y eng 
245 1 0 |a Optimalizácia procesu ohýbania CrNi rúrok pomocou korekcií získaných 3D meraním 
260 |c 2015 
650 4 |a meranie  |2 slo 
650 4 |a ohýbanie  |2 slo 
650 4 |a laser  |2 slo 
650 4 |a rúrka  |2 slo 
650 4 |a 3D skenovanie  |2 slo 
650 4 |a bending  |2 eng 
650 4 |a measurement  |2 eng 
650 4 |a laser  |2 eng 
650 4 |a tube  |2 eng 
650 4 |a 3D scanning  |2 eng 
700 1 |a Ondruška, Jozef,  |d 1985-  |4 ths  |X 33765  |7 A000033765 
856 4 |u http://is.stuba.sk/zp/portal_zp.pl?podrobnosti=110722 
996 |c M* DP-12364  |l MMSKP  |s P  |a 0  |w stuzp49756_0001 
SQL |a stuzp49756  |b DDP  |c SLO  |d Optimalizácia procesu ohýbania CrNi rúrok pomocou korekcií získaných 3D meraním  |e 64087  |f Čillík, Tomáš  |g 063000  |h 33765  |i Ondruška, Jozef  |j 20150604  |k 187  |l 06  |m http://is.stuba.sk/zp/portal_zp.pl?podrobnosti=110722  |n I-PPN  |o 5.2.51. výrobné technológie